Loading...
The rational emotive behavioural approach to therapeutic change /
| Main Author: | |
|---|---|
| Other Authors: | |
| Format: | Printed Book |
| Language: | English |
| Published: |
London ;
Sage Publications,
2004.
|
| Series: | Sage therapeutic change series
|
| Subjects: | |
| Online Access: | Table of contents only Publisher description |
| LEADER | 01126 a2200241 4500 | ||
|---|---|---|---|
| 008 | 160726s9999 xx 000 0 eng d | ||
| 020 | |a 0761948953 | ||
| 042 | |a pcc | ||
| 100 | 1 | |a Dryden, Windy. | |
| 245 | 1 | 4 | |a The rational emotive behavioural approach to therapeutic change / |c Windy Dryden & Michael Neenan. |
| 260 | |a London ; |b Sage Publications, |c 2004. | ||
| 300 | |a 145 p. ; | ||
| 440 | 0 | |a Sage therapeutic change series | |
| 504 | |a Includes bibliographical references (p. [137]-139) and index. | ||
| 650 | 0 | |a Rational emotive behavior therapy. | |
| 700 | 1 | |a Neenan, Michael. | |
| 856 | 4 | 1 | |3 Table of contents only |u http://www.loc.gov/catdir/enhancements/fy0657/2003108064-t.html |
| 856 | 4 | 2 | |3 Publisher description |u http://www.loc.gov/catdir/enhancements/fy0657/2003108064-d.html |
| 906 | |a 7 |b cbc |c orignew |d 2 |e epcn |f 20 |g y-gencatlg | ||
| 942 | |c REF | ||
| 955 | |a pc17 2003-06-06 |a pv12 2004-07-29 to SSCD |c sh48 2004-08-04 (desc. rev. sh17) |a sh44 2006-07-26 to ASCD/Med. |a jc00 2006-08-04 | ||
| 999 | |c 252143 |d 252143 | ||
| 952 | |0 0 |1 0 |4 0 |7 0 |9 280821 |a PSY |b PSY |c REF |d 2010-09-17 |g 0.00 |i 3484 |l 0 |p PSY3484 |r 2016-07-26 |w 2016-07-26 |y REF | ||